| 000 | 00873nam a2200205 a 4500 | ||
|---|---|---|---|
| 008 | 191202s2017 ||||||||||||||||| || u | ||
| 020 | _a9780702054464 | ||
| 050 | _aRM 735 Cur | ||
| 100 | _aCurtin, Michael | ||
| 245 | 1 | 0 |
_aOccupational theraphy for people experiencing illness, injury or impairment : promoting occupation and participation (seventh edition) _cEdited by Michael Curtin ; Mary Egan ; Jo Adams ; Elizabeth Townsend |
| 250 | _a7th edition | ||
| 260 |
_aEdinburgh _bElsevier _c2017 |
||
| 300 | _axxi, 818 pages : illustrations | ||
| 350 | _a69.09 | ||
| 650 | 2 | _aOCCUPATIONAL THERAPY | |
| 700 | _aTownsend, Elizabeth | ||
| 700 | _aEgan, Mary | ||
| 700 | _aAdams, Jo | ||
| 995 |
_aMICHAEL CHILUFYA SATA OPEN ACCESS _e904589 _FCBU-SCHOOL OF MEDICINE LIBRARY (Ndola) _I69.09 _jRM 735 Cur _M1 _UAVAILABLE _WDec 5, 2019 _y904589 _ZMain Library Open Access Collection |
||
| 999 |
_c32242 _d32242 |
||